[Event "Linares"]
[Site "Linares"]
[Date "1994.??.??"]
[Round "?"]
[White "Kasparov, Garry"]
[Black "Lautier, Joel"]
[Result "0-1"]
[WhiteElo "2805"]
[BlackElo "2625"]
[Annotator "Lautier,J"]
[PlyCount "58"]
[EventDate "1994.??.??"]

{60/316} 1. e4 1... e5 2. Nf3 Nc6 3. Bc4 Bc5 4. c3 Nf6 (4... d6 {- 60/(316)})
5. d3 d6 6. Bb3 h6 7. h3 {N} (7. O-O {- 44/385}) 7... a6 8. Nbd2 Be6 9. Bc2 $6
(9. Bxe6 fxe6 10. Qb3 10... Qc8 $11) (9. Nc4 9... O-O {d5} 10. O-O {d4} (10. g4
$2 10... d5 $17) 10... Ba7 11. a4 11... Re8 $13) 9... Ba7 {d5} (9... d5 $2 10.
Nxe5 $1 10... Nxe5 (10... Bxf2+ 11. Kxf2 Nxe5 12. d4 $16) 11. d4 Bd6 (11...
Bxd4 12. cxd4 Nc6 13. e5 $16) 12. dxe5 Bxe5 13. Nf3 $16) 10. Qe2 10... Qe7 {d5}
11. b4 $1 11... d5 12. a4 12... b5 $1 (12... d4 $2 13. b5 dxc3 (13... axb5 14.
axb5 dxc3 15. bxc6 cxd2+ 16. Bxd2 bxc6 17. Be3 $16) 14. bxc6 cxd2+ 15. Qxd2 $1
15... bxc6 16. Bb2 $16) (12... dxe4 $6 13. dxe4 O-O 14. O-O $14 {Nb3, Be3}) (
12... O-O 13. b5 $5 (13. O-O 13... b5 $1 {- 12... b5!} (13... d4 $2 14. b5 $16)
) 13... axb5 14. axb5 Bxf2+ (14... Nb8 $2 15. b6 $1 15... cxb6 16. Ba3 Qc7 17.
Bxf8 Qxc3 18. O-O $18) 15. Kxf2 Rxa1 16. bxc6 Qc5+ (16... bxc6 17. d4 $1 $13 (
17. Nb3 $2 17... Ra2 $17 {de4})) 17. d4 Qxc3 (17... exd4 $4 18. Nb3 $16) 18.
Qd3 $1 $13 (18. Nb3 $2 18... Ra2 $19)) 13. O-O (13. axb5 $2 13... axb5 14. d4
$2 14... exd4 15. Qxb5 15... Bd7 $19) 13... O-O 14. axb5 axb5 15. d4 $2 (15.
Bb2 $11 15... d4 $6 16. Bb3 $1 16... dxc3 17. Bxc3 Nd4 18. Bxd4 Bxd4 19. Nxd4
exd4 20. Bxe6 fxe6 21. Nf3 $1 21... Qxb4 (21... Rxa1 22. Rxa1 Qxb4 23. Qa2 $1
$44) 22. Rab1 $14 {Qb2}) 15... exd4 (15... dxe4 $2 16. Nxe5 $16) 16. e5 (16.
Qxb5 $2 16... Bd7 $17) 16... dxc3 $5 (16... Nd7 $6 17. cxd4 Nxb4 (17... Bxd4 $4
18. Qd3 $18) 18. Ba3 18... Bb6 {Ra3} (18... c5 19. Bb1 $5 $44 (19. Bxb4 cxb4
20. Qxb5 Rfb8 21. Qd3 21... g6 $13)) 19. Bb1 $44) (16... Bd7 $1 {Kasparov,G}
17. cxd4 (17. Re1 17... dxc3 $1 18. exf6 (18. Qd3 cxd2 19. exf6 dxe1=Q+ 20.
Nxe1 Qxe1+ 21. Kh2 21... g6 $19) (18. Nb3 Ne4 19. Bxe4 dxe4 20. Qxe4 20... Qxb4
$19) 18... Qxe2 19. Rxe2 19... cxd2 $19 {Bf2}) 17... Bxd4 $1 (17... Nxd4 $2 18.
Nxd4 (18. Qd3 $2 18... Bf5 19. exf6 19... Qxf6 $19) 18... Bxd4 19. Rxa8 Rxa8
20. Nf3 Bc3 (20... Bb6 $2 21. Qd3 Ne4 22. Qxd5 $18) 21. Qd3 Bxe5 22. Re1 Ra1
23. Qd2 $1 23... Rxc1 24. Qxc1 Ne4 25. Qd1 $16) 18. Rxa8 (18. Qd3 18... Bxe5
$19 (18... Rxa1 $4 19. exf6 $18)) 18... Rxa8 19. Nxd4 Nxd4 20. Qd3 Qxe5 21. f4
21... Ne2+ $19) 17. exf6 Qxf6 18. Nb3 Nxb4 19. Bb1 (19. Be3 Bxe3 (19... d4 $6
20. Bxd4 Bxd4 21. Rxa8 Rxa8 22. Nbxd4 $13 22... Bc4 $6 23. Qe4 $40) 20. fxe3
Nxc2 21. Qxc2 b4 22. Nfd4 22... Qg5 $17) 19... d4 $1 (19... c5 $2 20. Ba3 d4
21. Bxb4 (21. Nbxd4 $2 21... Bc4 22. Qe4 c2 23. Bxc2 $8 23... Nxc2 24. Nxc2
Bxf1 25. Rxf1 $17) 21... Bxb3 (21... cxb4 $2 22. Nbxd4 $1 22... Bxd4 23. Qe4)
22. Rxa7 Rxa7 23. Bxc5 $14) 20. Rxa7 $6 (20. Nbxd4 $2 20... Bxd4 21. Qe4 (21.
Rxa8 Rxa8 22. Qe4 22... Rd8 $19) 21... Bf5 $1 22. Qxa8 (22. Qxf5 22... c2 $1
23. Bxc2 Qxf5 24. Bxf5 24... Bxa1 $19) 22... c2 $1 23. Bxc2 23... Bxa1 $1 $19)
(20. Qe4 $2 20... c2 21. Bxc2 Nxc2 22. Qxc2 d3 23. Qxd3 23... Bc4 $1 (23...
Bxb3 24. Rxa7 $15) 24. Qc2 24... Bxb3 $19) (20. Ba3 $1 20... d3 21. Bxd3 (21.
Qe4 Bxb3 22. Bxb4 22... Bxf2+ $1 (22... c2 $6 23. Rxa7 $1 23... Rxa7 24. Bxf8
cxb1=Q 25. Rxb1 Bc2 26. Bc5 $1 $14 (26. Rxb5 $2 26... Ra1+ 27. Kh2 d2 28. Qe8
28... Qf4+ $1 29. g3 Qxf3 30. Bxg7+ Kxg7 31. Qe5+ 31... Kh7 $19)) 23. Kxf2 Rxa1
24. Bxd3 (24. Bxf8 $2 24... c2 25. Qxd3 cxb1=Q 26. Rxb1 26... Bc4 $19) 24...
Qb6+ 25. Kg3 f5 26. Qe7 Qg6+ 27. Kh2 27... Re8 $17) 21... Nxd3 22. Bxf8 (22.
Qxd3 $2 22... Rfd8 23. Qc2 (23. Qe4 Bxb3 24. Be7 Qb6 25. Bxd8 25... Rxd8 $19)
23... Bf5 24. Qc1 Bxh3 25. Bb4 Bxg2 26. Kxg2 26... Rd3 $1 27. Nbd4 (27. Nh2
Qg6+ 28. Kh1 Qe4+ 29. f3 29... Qxb4 $19) 27... Qg6+ 28. Kh1 28... c5 $1 29.
Bxc5 29... Qh5+ $19) 22... Nf4 $1 (22... Bxf2+ 23. Rxf2 Rxa1+ 24. Nxa1 Nxf2 25.
Bb4 $5 (25. Kxf2 Kxf8 26. Qxb5 $13) 25... Nxh3+ 26. gxh3 26... Bxh3 $13) 23.
Qxb5 23... Nxh3+ $1 24. Kh1 (24. gxh3 $2 24... Qxf3 $19 {Bd5}) 24... Nxf2+ 25.
Rxf2 Rb8 26. Qe2 Bxf2 27. Qxf2 27... c2 $1 28. Rc1 Bxb3 29. Bc5 $15) 20... c2
$6 (20... Rxa7 $1 21. Nbxd4 (21. Nfxd4 $2 21... Bc4 22. Qe4 22... Qg6 $1 23.
Nf5 23... c5 $1 24. Nxc5 Bd5 25. Qg4 Qxg4 26. hxg4 26... c2 $19) 21... Ra1 $1 (
21... Bc4 $6 22. Qe4 g6 (22... Qg6 $2 23. Nf5 $1 23... c5 24. Ne5 $40) 23. Ne5
$1 {Kasparov,G} 23... Bxf1 24. Ng4 $40) 22. Qe4 22... Qg6 $1 (22... c2 23. Bxc2
Nxc2 24. Qxc2 Bc4 25. Re1 $13) 23. Qxg6 fxg6 24. Nxe6 (24. Bxg6 $2 24... Bc4
25. Re1 c5 26. Nf5 26... Rd8 $19 {Nd3}) 24... Rxf3 $1 (24... Rxb1 25. Nxf8 Kxf8
26. Ba3 $13) 25. Be4 (25. gxf3 Rxb1 26. Nd4 c5 27. Nxb5 Nd3 28. Nxc3 Rxc1 29.
Rxc1 29... Nxc1 $19) 25... Rf7 26. Nd4 26... Rd7 $17) 21. Rxa8 $8 (21. Bxc2 $2
21... Rxa7 22. Nbxd4 Bc4 23. Qe4 Nxc2 24. Qxc2 24... c5 $19) 21... cxb1=Q 22.
Rxf8+ Kxf8 23. Qxb5 $4 (23. Nc5 $6 23... Qbg6 $1 (23... Qc2 $2 24. Qxb5 Nd5 25.
Qb8+ Ke7 26. Ba3 $18) (23... Qbf5 $2 24. Qxb5 Qe7 25. Qb8+ Bc8 26. Ba3 Qfxc5
27. Re1 $3 {Kasparov,G}) (23... Kg8 $2 24. Bg5 $1 24... Qxf1+ 25. Qxf1 hxg5 26.
Qxb5 Nd5 27. Qe8+ Kh7 28. Ne4 $1 28... Qe7 29. Nexg5+ $1 29... Kg6 30. Qh8 Nf6
31. Nh4+ $1 31... Kxg5 32. Qxg7+ Kh5 33. Nf3 $18) (23... Qa2 $6 24. Qxb5 Nd5
25. Qb8+ Ke7 26. Nb7 $1 26... Kd7 $8 27. Re1 $40) (23... d3 24. Qe4 24... Qfa1
$8 25. Re1 $3 25... Qxc1 26. Qxb4 d2 27. Nxe6+ Kg8 28. Qxd2 $1 28... Qxd2 29.
Rxa1 29... Qd5 $8 30. Nxc7 Qc6 31. Na6 31... Qd6 $11) 24. Ne5 $1 {Ncd7} (24.
Qxb5 $2 24... Kg8 $1 $19) 24... Qgf5 $8 25. f4 $1 25... Qd8 $1 (25... Nd5 $4
26. g4 $18) (25... Kg8 26. Qxb5 Nd5 27. g4 $1 (27. Qe8+ $2 27... Kh7 28. Ncd7
Bxd7 29. Nxd7 29... Qe7 $19) 27... Qc2 (27... Qh4 28. gxf5 Qg3+ 29. Kh1 Qxh3+
30. Kg1 $11) 28. Qb8+ $1 (28. Qe8+ $2 28... Kh7 29. Ncd7 Bxd7 30. Nxd7 30...
Qe7 $19) 28... Kh7 29. Ncd7 Bxd7 30. Nxd7 Qd6 31. Nf8+ Kg8 32. Ng6+ 32... Kh7
$11) 26. Ba3 (26. Qxb5 Nd5 27. g4 27... Qc2 $17) 26... Bc4 $1 27. Qf2 Bxf1 28.
Bxb4 28... Qd5 $1 29. Qxf1 29... Qc2 $17) (23. Bg5 $1 23... Qxf1+ (23... Qff5
$2 24. Nbxd4 Qbd3 25. Be7+ $1 $16) (23... Qfg6 $6 24. Qxb5 Qxf1+ 25. Kxf1 25...
Qd3+ $8 26. Qxd3 Nxd3 27. Nbxd4 hxg5 28. Nxe6+ fxe6 29. Nxg5 $11) 24. Qxf1 hxg5
25. Qxb5 Nd5 26. Nbxd4 $1 $11 (26. Qb8+ $6 26... Ke7 27. Nbxd4 27... Bd7 $15))
23... Qxb3 24. Qb8+ Ke7 25. Qxc7+ Ke8 26. Bd2 Qd8 (26... Nd5 $6 27. Qc6+ Kf8 (
27... Bd7 $6 28. Re1+) 28. Qa8+ Ke7 29. Qa7+ $40) (26... Nd3 $1 27. Ra1 27...
Qd5 $1 $19 {Qfd8}) 27. Qe5 27... Kf8 $6 (27... Nc6 28. Qxg7 28... Bxh3 $1 $19)
28. Nxd4 $2 (28. Qc5+ Kg8 (28... Qe7 $2 29. Qxe7+ Kxe7 30. Nxd4 Qc4 31. Bxb4+
Kf6 32. Nxe6 Qxb4 33. Nc7 Qc4 34. Ne8+ Ke7 35. Re1+ $11) 29. Bxb4 Qc4 (29... d3
$5) 30. Rd1 Qxc5 31. Bxc5 31... d3 $19) 28... Nd3 $1 29. Qe3 Qc4 0-1

[Event "Linares"]
[Site "Linares"]
[Date "1994.??.??"]
[Round "?"]
[White "Kramnik, Vladimir"]
[Black "Anand, Viswanathan"]
[Result "1/2-1/2"]
[WhiteElo "2710"]
[BlackElo "2715"]
[PlyCount "33"]
[EventDate "1994.??.??"]

{60/(408)} 1. Nf3 1... Nf6 2. c4 c5 3. Nc3 Nc6 4. g3 e6 5. Bg2 d5 6. cxd5 Nxd5
7. O-O Be7 8. d4 O-O 9. Nxd5 exd5 10. dxc5 Bxc5 11. Bg5 Qb6 12. Rc1 d4 (12...
h6 $2 13. Qxd5 $18) 13. Bf4 {N} (13. Ne1 $5) 13... Bf5 14. Bc7 Qb5 15. Nd2 Bb6
16. Bxb6 axb6 17. Nc4 1/2-1/2

[Event "Linares"]
[Site "Linares"]
[Date "1994.??.??"]
[Round "?"]
[White "Kramnik, Vladimir"]
[Black "Gelfand, Boris"]
[Result "1/2-1/2"]
[WhiteElo "2710"]
[BlackElo "2685"]
[Annotator "Gelfand,B"]
[PlyCount "82"]
[EventDate "1994.??.??"]

{60/568} 1. Nf3 1... Nf6 2. c4 g6 3. Nc3 Bg7 4. e4 d6 5. d4 O-O 6. Be2 e5 7. d5
a5 8. Bg5 h6 9. Bh4 Na6 10. O-O Qe8 11. Nd2 Nh7 12. a3 Bd7 13. Kh1 h5 14. f3
Bh6 15. b3 Be3 16. Qc2 $5 {N} (16. Rb1 {- 60/(568)}) 16... f5 17. exf5 gxf5 (
17... Bxf5 18. Bd3 $14) 18. Bf2 (18. Bd3 Nc5) 18... Bxf2 (18... Bd4 $6 19. Rae1
$14 {20. Bd4 ed4 21. Bd3}) 19. Rxf2 Nf6 20. Rg1 Kh8 (20... Qg6 $2 21. g4 $1 $16
) (20... c6 21. Bd3 $1 21... e4 (21... Qg6 22. g4 $1) 22. fxe4 Ng4 23. Re2 $16)
21. Qb2 (21. Bd3 21... Qg6 {Nc5}) 21... Nc5 (21... c6 22. f4 $5 22... exf4 $6
23. Rxf4 Qe5 24. Rh4 $16) 22. b4 axb4 23. axb4 Na4 24. Nxa4 Rxa4 25. Bd1 Ra8 (
25... Ra7 26. f4 exf4 27. Re2 Qg6 28. Qd4 $16) 26. f4 exf4 27. Re2 (27. Rxf4
27... Qe5 $15) 27... Qg6 (27... Qf7 $5 28. Qd4 (28. Rge1 28... Rae8 $1 29. Rxe8
Rxe8 30. Rxe8+ Bxe8 31. Bxh5 $2 31... Qe7 $1 32. Be2 $15) 28... Qg7 29. Qxf4
29... b5 $5 $13) 28. Re7 (28. Qd4 28... Qh6 $13) 28... Rf7 (28... Kg8 29. g3 $5
$36) 29. Rxf7 Qxf7 30. Qd4 (30. Bxh5 $6 30... Qg7 31. Bf3 31... Ng4 $15) 30...
Qg7 31. Qxf4 31... Kh7 $6 (31... Ra1 32. b5 $1 32... Ng4 33. Bxg4 (33. h3 $5)
33... hxg4 34. Rxa1 Qxa1+ 35. Nf1 $16) (31... b5 $1 32. c5 dxc5 (32... Nxd5 33.
Qf3 c6 34. cxd6 Nxb4 (34... Qg6 35. Nb3 $36) 35. Nb3 $36) 33. Qxc7 (33. bxc5
Nxd5 34. Qf3 c6 35. Qxh5+ 35... Qh7 $132) 33... cxb4 $13) 32. Re1 $6 (32. b5 $1
{b6} 32... b6 33. Re1 $16) 32... Ra1 33. h3 $6 (33. b5 $5 33... Ng4 34. h3 Ne5
35. Qh4 Be8 36. Nf3 $36) 33... b5 $1 34. Kh2 (34. c5 $5 34... dxc5 35. bxc5
Nxd5 36. Qf3 c6 (36... Nf6 37. c6 $13) 37. Nb3 Ra2 38. Qxh5+ 38... Qh6 $13)
34... bxc4 35. Nxc4 (35. Qxc4 $2 35... Ba4 36. Nb3 36... Ne4 $17) 35... Nxd5
36. Qh4 Nf6 (36... Qh6 37. Qd4 Qf4+ 38. Qxf4 Nxf4 39. Re7+ Kh6 40. Rxd7 Rxd1
41. Rxc7 $11) 37. Bxh5 Rxe1 38. Be2+ $8 38... Qh6 39. Qxe1 Ne4 (39... Qf4+ $5
40. Kg1 (40. Qg3 $2 40... Qxg3+ 41. Kxg3 41... Nd5 $17) 40... Bc6 $5 $36 (40...
d5 41. Qd2 $11)) 40. Bf3 Qf4+ 41. Kg1 Be6 (41... Be6 42. Bxe4 42... Bxc4 $11) (
41... Ng5 $5 42. Qe7+ (42. Be2 42... d5 $5 (42... Bc6 43. Bf1 $15)) 42... Kg6
43. Be2 (43. Qxd7 $2 43... Nxf3+ 44. gxf3 44... Qg3+ $1 $19) 43... Bc6 44. Qe3
$11) 1/2-1/2

[Event "Linares"]
[Site "Linares"]
[Date "1994.??.??"]
[Round "?"]
[White "Kramnik, Vladimir"]
[Black "Illescas, Cordoba Miguel"]
[Result "1-0"]
[WhiteElo "2710"]
[BlackElo "2590"]
[Annotator "Kramnik,V"]
[PlyCount "75"]
[EventDate "1994.??.??"]

{60/395} 1. d4 1... e6 2. c4 d5 3. Nf3 Nf6 4. Nc3 c5 5. cxd5 exd5 6. g3 Nc6 7.
Bg2 Be7 8. O-O O-O 9. Bg5 cxd4 10. Nxd4 h6 11. Be3 Re8 12. Rc1 Bf8 13. Na4
13... Bd7 {N} (13... Ng4 {- 18/537}) 14. Nc5 14... Na5 $6 (14... Ne5 $14) 15.
b3 (15. Ndb3 $6 15... Bc6) 15... Rc8 (15... Bg4 16. Nd3 $5 (16. h3 Bh5 17. Nd3
17... Bg6 $14)) 16. Nxd7 Qxd7 17. Qd3 Nc6 18. Nxc6 bxc6 19. Rfd1 (19. Bd4 $5
19... Ne4 20. Bb2 $14 {Rc2, Rfc1}) 19... Qb7 20. Bc5 $5 (20. Bd4 Ne4 21. Bb2 a5
) 20... Bxc5 21. Rxc5 Qe7 (21... Ne4 22. Bxe4 $5 (22. Rc2 Qb6 23. e3) 22...
Rxe4 23. Qc2 $14) 22. Rc2 22... Qa3 $6 (22... c5 $1 23. e3 Red8 24. Rdc1 $14)
23. e3 (23. Qc3 $5 23... a5 (23... Ne4 24. Bxe4 dxe4 25. Qc5 $16) 24. e3 $16 {
Qc5} 24... a4 $6 25. b4 Qxc3 26. Rxc3) 23... Red8 (23... a5 $6 24. Qc3 (24. Qa6
$16)) 24. Qf5 $1 $16 {Bd5} (24. Qc3 c5 25. Rcd2 25... c4 $5) 24... Rb8 (24...
a5 25. Bxd5 a4 26. Bf3 Rxd1+ 27. Bxd1 Rd8 28. Bf3 axb3 29. axb3 Qxb3 30. Rxc6
$16) (24... Qf8 25. Bf3 $5 {Kg2}) 25. Rxc6 $5 (25. Bf3 Rb6 26. Kg2 $16) 25...
Qxa2 26. Rxf6 gxf6 (26... Qxb3 27. Qg4 h5 (27... Rb4 28. Rf4) 28. Qxh5 gxf6 29.
Bxd5 $18) 27. Bxd5 Rxd5 (27... Kg7 28. Rd4 $16 28... Rb5 $2 29. Rg4+ Kf8 30.
Rg8+ $1 30... Ke7 (30... Kxg8 31. Qg6+ $18) 31. Qe4+ Kd7 32. Bc6+ $18) 28. Rxd5
Qxb3 29. Qg4+ $6 (29. Kg2 $1 $16) 29... Kh7 30. Rd6 $6 (30. Qf5+) 30... Qb1+
31. Kg2 31... Qg6 $1 $14 32. Qf3 (32. Qd4 Kg7 33. Qxa7 $2 33... Qe4+) 32... Kg7
33. Ra6 33... Rb5 $6 (33... Rb4 $1 34. h3 $5 (34. Rxa7 34... Qe4 $14)) 34. Rxa7
34... Rf5 $6 (34... Qh5 35. g4 $5 35... Qd5 36. e4 $14) 35. Qe2 $16 35... Qh5
36. g4 36... Qg6 $2 (36... Rg5 37. h3 Qg6 38. Qc4 $5 $16 {f4}) 37. Rxf7+ $1
37... Kxf7 (37... Qxf7 38. gxf5 Qd5+ 39. Qf3 $18) 38. Qc4+ (38. Qc4+ Ke7 39.
Qe4+) (38. Qc4+ Kg7 39. Qc7+ Kh8 40. Qc8+ Kg7 41. Qxf5 $18) 1-0

[Event "Linares"]
[Site "Linares"]
[Date "1994.??.??"]
[Round "?"]
[White "Kramnik, Vladimir"]
[Black "Ivanchuk, Vassily"]
[Result "1/2-1/2"]
[WhiteElo "2710"]
[BlackElo "2710"]
[PlyCount "61"]
[EventDate "1994.??.??"]

{60/(368)} 1. Nf3 1... d5 2. d4 Nf6 3. c4 c6 4. Nc3 dxc4 5. a4 Bf5 6. Ne5 e6 7.
f3 Bb4 8. e4 Bxe4 9. fxe4 Nxe4 10. Bd2 Qxd4 11. Nxe4 Qxe4+ 12. Qe2 Bxd2+ 13.
Kxd2 Qd5+ 14. Kc2 Na6 15. Nxc4 O-O-O 16. Qe5 f6 17. Qe3 Kb8 18. Be2 e5 19. g3 {
N} (19. Kb3 {- 51/(389)}) 19... Qe6 20. b3 Rd5 21. Kb2 Rhd8 22. Rad1 Nb4 23.
Qc3 Qe7 24. Ne3 Rxd1 25. Rxd1 Rxd1 26. Bxd1 g6 27. Qd2 Kc7 28. Nc2 28... a5 $1
29. Ne3 Qc5 30. Nc4 b6 31. Kb1 1/2-1/2

[Event "Linares"]
[Site "Linares"]
[Date "1994.??.??"]
[Round "?"]
[White "Kramnik, Vladimir"]
[Black "Kasparov, Garry"]
[Result "1-0"]
[WhiteElo "2710"]
[BlackElo "2805"]
[Annotator "Kramnik,V"]
[PlyCount "79"]
[EventDate "1994.??.??"]

{60/572} 1. Nf3 1... Nf6 2. c4 g6 3. Nc3 Bg7 4. e4 d6 5. d4 O-O 6. Be2 e5 7. d5
Nbd7 8. Bg5 h6 9. Bh4 g5 10. Bg3 Nh5 11. h4 g4 12. Nh2 Nxg3 13. fxg3 h5 14. O-O
14... f5 {N} (14... Bh6 {- 46/814}) 15. exf5 (15. Rxf5 $5) 15... Nc5 16. b4 (
16. Bd3) 16... e4 17. Rc1 (17. Qd2 $5) 17... Nd3 18. Bxd3 exd3 19. f6 $1 (19.
Qxd3 $2 19... Qf6 $17) 19... Rxf6 20. Qxd3 20... Qf8 $8 21. Nb5 $5 (21. Ne4
Rxf1+ 22. Nxf1 (22. Rxf1 22... Bf5 $13) 22... Bf5 23. Ne3 Bxe4 (23... Bg6 24.
Rf1 Qe7 25. Nf5 $16) 24. Qxe4 Re8 25. Qd3 25... Qe7 $11 (25... Bh6 $2 26. Re1 (
26. Qg6+ $5) 26... Qf7 27. Kh2 $16)) 21... Bf5 22. Rxf5 Rxf5 23. Nxc7 Rc8 24.
Ne6 $44 24... Qf6 25. Nf1 (25. Rf1 25... Rf8 $3 (25... Rxf1+ 26. Nxf1 $16) 26.
Nxf8 (26. Rf4 Bh6) 26... Qd4+ 27. Qxd4 Bxd4+ 28. Kh1 Rxf8 (28... Rxf1+ 29. Nxf1
Kxf8 30. Nd2 $11) 29. Rd1 $11) (25. c5 $5) 25... Re5 26. Rd1 $5 (26. Nd2 Qf5
27. Qxf5 Rxf5 28. Ne4 $2 28... Rxd5) (26. c5 26... Rxe6 $5 (26... Qf5 27. Qxf5
Rxf5 28. Rd1) 27. dxe6 Qd4+ 28. Qxd4 Bxd4+ 29. Kh2 dxc5) 26... Qf5 $1 (26...
Bh6 27. c5 dxc5 28. bxc5 Re8 29. Nd2 $5 29... Re3 30. Qb5 Re7 31. Rf1 Qe5 (
31... Qg6) 32. Qb1 $1 $16) 27. Qxf5 Rxf5 28. c5 Bf8 (28... dxc5 $2 29. d6) (
28... Be5 29. Ne3 Rf7 30. Kh2 $16) 29. Ne3 Rf6 30. Nc4 $5 30... dxc5 31. b5 (
31. Ne5 cxb4 32. Nd7 Rf5 (32... Rxe6 33. dxe6 $13 {Rd5}) 33. Nexf8 Rcxf8 34.
Nxf8 Kxf8) 31... Bh6 $2 (31... Re8 32. Re1 (32. a4 $2 32... Rexe6 33. dxe6 Rxe6
) (32. Nf4 32... Bd6 $5 (32... Re4 33. d6 33... Rfxf4 $1 (33... Rxc4 34. d7 Be7
35. Nd5 Bd8 36. Nxf6+ Bxf6 37. d8=Q+ Bxd8 38. Rxd8+ Kf7 39. Rd7+ Ke6 40. Rxb7
Ra4 41. Rh7) 34. gxf4 Rxc4 35. d7 Be7 36. d8=Q+ Bxd8 37. Rxd8+ Kf7 38. Kh2 $1 (
38. Rd7+ Ke6 39. Rxb7 39... g3 $17) 38... Rxf4 39. Rd7+ Ke6 40. Rxb7 Ra4 41.
Rh7 Rxa2 42. Rxh5 $11) 33. Nxh5 Rh6 34. Nf4 (34. Rf1 $5 34... Rxh5 35. Nxd6
Ree5 36. Rf4 Rxd5 37. Rxg4+ Kf8 38. Nxb7 $13) 34... Re4) 32... Rf5 33. Rd1 (33.
d6 Rd5) 33... b6 $5 (33... Rf6 $11)) 32. Re1 $16 32... Re8 33. Re5 (33. Kh2 $5
33... Bf8 (33... Re7 34. d6 $1) 34. Re5 Rh6 35. Rg5+) 33... Re7 34. Rxh5 Ref7
35. Kh2 Bc1 36. Re5 (36. Ne5 36... Rf5 $1) 36... Rf1 37. Re4 Rd1 38. Rxg4+
38... Kh7 $2 (38... Kh8 39. Re4 Rxd5 (39... Rff1 40. Kh3) 40. Ne5 $1 40... Rf6
41. Nf3 $16 {g4-g5}) 39. Ne5 Re7 (39... Rff1 40. Rg7+ $18) 40. Nf8+ (40. Nf8+
Kh6 41. Rg6+ Kh5 42. g4+ Kxh4 43. g3#) 1-0

[Event "Linares"]
[Site "Linares"]
[Date "1994.??.??"]
[Round "?"]
[White "Kramnik, Vladimir"]
[Black "Shirov, Alexey"]
[Result "0-1"]
[WhiteElo "2710"]
[BlackElo "2715"]
[Annotator "Shirov,A"]
[PlyCount "86"]
[EventDate "1994.??.??"]

{60/356} 1. Nf3 1... d5 2. d4 Bf5 3. c4 e6 4. Nc3 c6 5. Qb3 Qb6 6. c5 Qc7 (6...
Qxb3 7. axb3 Na6 8. Ra4 $1 $14 (8. e4 {- 51/380})) 7. Bf4 Qc8 8. e3 Nf6 9. Qa4
$1 {N} (9. Nh4 {- 31/(412)}) 9... Nbd7 10. b4 a6 (10... Bg4 $2 11. b5 Bxf3 12.
bxc6 $1 $16) (10... Nh5 11. Be5 $1 11... f6 12. Bg3 $14) 11. h3 Be7 12. Qb3 O-O
13. Be2 13... Be4 $5 (13... Bd8 $5 14. O-O Bc7 15. Bxc7 Qxc7 16. a4 16... e5
$132) 14. O-O (14. Nxe4 Nxe4 15. O-O 15... Bd8 $11) 14... Bxf3 15. Bxf3 Bd8 16.
a4 16... Bc7 $6 (16... Re8 {e5} 17. b5 Ba5) 17. Bg5 h6 18. Bxf6 Nxf6 19. b5
19... e5 $2 (19... Ba5 $11 {Karpov,An}) 20. b6 $1 20... Bb8 (20... e4 $6 21.
bxc7 exf3 22. Rfb1 $1 22... fxg2 23. Kxg2 Qxc7 24. Qxb7 $16) (20... exd4 21.
Ne2 $1 21... d3 22. Qxd3 Be5 23. Nd4 $16) (20... Bd8 21. dxe5 Nd7 22. Bg4 $1
22... Nxc5 23. Qb4 $16) 21. a5 $1 21... exd4 22. exd4 22... Bf4 $1 23. Qc2 $1 (
23. g3 Qxh3 24. Bg2 Qh5 25. gxf4 25... Ng4 $40) 23... Qd7 $2 (23... h5 24. g3
Bh6 25. Kg2 $14) 24. g3 24... Qxh3 $8 25. Bg2 Qh5 26. gxf4 Ng4 27. Rfd1 $1 $16
(27. Rfe1 Qh2+ 28. Kf1 28... Qxf4 $44) 27... Rae8 28. Rd3 $1 28... Qh2+ 29. Kf1
29... f5 $1 30. Qd2 (30. Ne2 $1 $16) 30... Rf6 $1 31. f3 (31. Rh3 $2 31... Rg6)
(31. Rg3 $5) 31... Re4 $8 32. Nxd5 $5 (32. Ne2 Ne3+ 33. Rxe3 Rg6 34. Ng3 Rxe3
35. Qxe3 35... Qxg3 $16) 32... cxd5 33. c6 33... Rxf4 $1 (33... Rxc6 $2 34.
fxe4 $18 {Rh3}) 34. cxb7 (34. c7 Rf8 35. Rc1 35... Rc8 $132) 34... Re4 $8 35.
Rc1 $2 (35. b8=Q+ Qxb8 36. fxg4 Rxg4 37. Bxd5+ $16) 35... Kh7 $1 36. b8=Q $1 (
36. Rc8 36... Qg3 $1 37. b8=Q Nh2+ 38. Kg1 Re1+ 39. Qxe1 Qxe1+ 40. Kxh2 40...
Qh4+ $11) 36... Qxb8 37. fxg4 37... Qh2 $1 38. Rf3 Rxg4 39. b7 $4 (39. Rf2 Rfg6
40. Bxd5 Qd6 41. Bg2 41... Rxd4 $14) 39... Rfg6 40. Rc2 $2 (40. b8=Q Qxb8 41.
Rf2 $15) 40... Rxg2 41. Qxg2 Rxg2 42. Rxg2 Qh1+ 43. Kf2 Qb1 (43... Qb1 44. Kg3
Qxb7 45. Rxf5 45... Qc7+ $19) 0-1

[Event "Linares"]
[Site "Linares"]
[Date "1994.??.??"]
[Round "?"]
[White "Lautier, Joel"]
[Black "Anand, Viswanathan"]
[Result "1-0"]
[WhiteElo "2625"]
[BlackElo "2715"]
[Annotator "Lautier,J"]
[PlyCount "67"]
[EventDate "1994.??.??"]

{60/458} 1. d4 1... Nf6 2. c4 g6 3. Nc3 d5 4. cxd5 Nxd5 5. e4 Nxc3 6. bxc3 Bg7
7. Nf3 c5 8. Rb1 O-O 9. Be2 cxd4 10. cxd4 Qa5+ 11. Bd2 Qxa2 12. O-O Bg4 13. Bg5
h6 14. Be3 Nc6 15. d5 Na5 16. Rb4 $1 {N; Ra4} (16. Bc5 {- 52/(466)}) 16... b6
17. e5 $1 17... Bxf3 $6 (17... h5 18. Bf4 Rad8 19. Rd4 $14 19... Nb3 $4 20. Bc4
$18) 18. Bxf3 Rac8 (18... Nc4 $2 19. d6 Nxe3 20. fxe3 Rad8 21. Bd5 Qa3 22. dxe7
$18) (18... Bxe5 $6 19. d6 $1 19... Bxd6 (19... exd6 $2 20. Bd5 Qa3 21. Rg4 Kg7
22. Qf3 $1 $18) (19... Rad8 $2 20. Bd5 Qa3 21. dxe7 Qxb4 22. exd8=Q Rxd8 23.
Bxf7+ $18) 20. Bd5 Qa3 21. Rg4 $16) 19. d6 $1 19... exd6 (19... Qe6 20. Bg4
Qxe5 21. Bxc8 Rxc8 22. d7 Rd8 23. Qa4 $1 {Rd1 Anand,V}) 20. exd6 $1 (20. Bd5
Nc4 21. e6 {Anand,V} 21... Kh7 22. exf7 Nxe3 23. fxe3 Qa3 24. Re4 $14 (24. Rb3
Qc5)) 20... Nc4 (20... Qc2 $2 21. d7 Qxd1 22. Rxd1 Rcd8 23. Bf4 {Bc7+-}) 21.
Bf4 $1 $16 {d7, Ra4-a7} (21. Qd5 $6 21... Rfd8 $1 22. d7 Rc7 23. Bf4 Rc5 24.
Qe4 24... Ne5 $132) (21. d7 $6 21... Nxe3 22. dxc8=Q Nxd1 23. Qd7 23... Nc3 $14
) 21... Nb2 22. Qe2 Qa3 23. Re4 Qd3 24. Re7 $1 24... g5 $2 (24... Rc2 25. Qxd3
Nxd3 26. Bg3 (26. Be4 $6 26... Rc4 $1) (26. Be3 $6 26... Rd8 $1) 26... Rd2 $1 (
26... a5 $2 27. Rd1 $1 27... Nc5 28. d7 Bf6 (28... Ne6 29. Rxe6 fxe6 30. d8=Q
$18) 29. d8=Q Rxd8 30. Rxd8+ Kg7 31. Be5 $18) 27. Rd1 Rxd1+ 28. Bxd1 Nc5 (28...
a5 $2 29. d7 Nc5 30. Ba4 $1 30... Bf6 (30... Nxa4 31. Re8 Bf6 32. Bd6 $18) 31.
Re8 Nb7 32. Bc6 Nd8 33. Bd6 $18) 29. Bf3 $1 (29. d7 $4 29... Bf6 $19) (29. Rxa7
$6 29... Rd8 {Bf8}) 29... b5 (29... Rd8 30. Bd5) (29... a5 30. Bc6 {d7}) 30.
Rc7 $1 30... Ne6 (30... Bd4 $6 31. d7 $18) 31. Rxa7 $16) 25. d7 (25. Bg3 $5 $16
) 25... Rc4 $8 (25... Rc2 $2 26. Qxd3 Nxd3 27. Re8 Bf6 28. Bd6 $18) 26. Bc1 $1
(26. Qxd3 $2 26... Nxd3 27. Re8 $2 27... Rd4 $19) 26... Rc2 $8 (26... Qxe2 27.
Bxe2 Rc2 28. Re8 Bf6 29. Bxb2 Rxb2 30. Rc1 Rd2 31. Rcc8 $18) 27. Qxd3 Nxd3 28.
Re8 Bf6 29. Ba3 Nc5 30. Bxc5 30... Rxc5 {Re5} (30... bxc5 31. Rb1 $18 {h3, Rbb8
}) 31. Rd1 Bd8 (31... a5 32. g3 Kg7 (32... b5 33. Rd6 Bd8 34. Ra6 $18) (32...
a4 33. Rd6 Bd8 34. Rxh6 Kg7 35. Rh7+ Kxh7 36. Rxf8 Bc7 37. Rc8 $18) 33. Rd6 $5
(33. Rxf8 Kxf8 34. d8=Q+ Bxd8 35. Rxd8+ Kg7 36. Rd7 $18) 33... Bd8 34. Rxh6 Rc7
35. Bg4 f5 (35... Rxd7 36. Rxf8 Rd4 37. Rhh8 $18) 36. Rxf8 Kxf8 37. Rh8+ Ke7
38. Bxf5 {Re8} 38... Rxd7 39. Rh7+ $18) 32. Rde1 $1 32... Rc7 (32... f5 33. g3
Bc7 34. Rc8 $1 $18) (32... f6 {Re5} 33. Rxf8+ Kxf8 34. Re8+ Kf7 35. Bh5+ $1
35... Kg7 36. g3 Bc7 37. Rc8 $18) 33. Bg4 Bf6 (33... h5 34. Bf5 Rc5 35. g4 hxg4
36. Rxf8+ Kxf8 37. Re8+ Kg7 38. Rxd8 $18) 34. Rc8 $1 1-0